000
00250nam a2200109Ia 4500
008
240625s9999 xx 000 0 und d
041
_a
eng
082
_a
741.5954 LAX
100
_a
PATEL R B
245
_a
EXPERT DATA STRUCTURES WITH C
260
_c
2004
999
_c
33225
_d
33225